Stamboul train
Salvato in:
| Autore principale: | |
|---|---|
| Natura: | Libro |
| Lingua: | inglese |
| Pubblicazione: |
Harmondsworth
Penguin Books
1963
|
| Soggetti: | |
| Tags: |
Aggiungi Tag
Nessun Tag, puoi essere il primo ad aggiungerne!!
|
MARC
| LEADER | 00000nam a2200000 a 4500 | ||
|---|---|---|---|
| 001 | UCQ3926 | ||
| 003 | CL-VaPUC | ||
| 008 | 980828e19630000uk |||||||||||||||||eng|d | ||
| 082 | 0 | 4 | |a 823 |b GRE |2 21 |
| 100 | 0 | |a Greene, Graham |e author |9 309259 | |
| 245 | 1 | 0 | |a Stamboul train |
| 300 | |a 220 p | ||
| 942 | |c BK | ||
| 945 | |d 19980828 00:00:00 |a crobeson | ||
| 260 | |a Harmondsworth |b Penguin Books |c 1963 | ||
| 650 | 0 | |a Novelas inglesas |9 265220 | |
| 650 | 0 | |a Literatura inglesa |9 312907 | |
| 583 | |a last modification |c 20171204 02:45:34 |k Rodrigo Vera | ||
| 999 | |c 274436 |d 274434 | ||
| 952 | |0 0 |1 0 |4 0 |6 823_000000000000000_GRE_1963 |7 0 |8 A |9 310596 |a BIBEDU |b BIBEDU |d 2019-11-20 |i 1459775 |o 823 GRE 1963 |p 1459775 |r 2019-11-20 |w 2019-11-20 |y BK |k LIT | ||